| Tag |
First Indicator |
Second Indicator |
Subfields |
| LEADER |
00000cam a22000008i 4500 |
| 001 |
in00004350080 |
| 008 |
200513s2020 nyu 000 1 eng |
| 005 |
20250318212322.8 |
| 010 |
|
|
|a 2020021892
|
| 019 |
|
|
|a 1130370222
|a 1192357700
|a 1202149056
|a 1206368768
|
| 020 |
|
|
|a 9781250205773
|
| 020 |
|
|
|a 1250205778
|q (hardcover)
|
| 020 |
|
|
|z 9781250205780
|q (ebook)
|
| 035 |
|
|
|a (OCoLC)on1154902143
|
| 035 |
|
|
|a (OCoLC)1154902143
|z (OCoLC)1130370222
|z (OCoLC)1192357700
|z (OCoLC)1202149056
|z (OCoLC)1206368768
|
| 040 |
|
|
|a DLC
|b eng
|e rda
|c DLC
|d BDX
|d UAP
|d RB0
|d OQX
|d NZAUC
|d FMG
|d LE@
|d YU6
|d OCLCO
|d YDX
|d LIV
|d UtOrBLW
|
| 042 |
|
|
|a pcc
|
| 043 |
|
|
|a n-us-wa
|
| 050 |
0 |
0 |
|a PS3601.L353755
|b W58 2020
|
| 082 |
0 |
0 |
|a 813/.6
|2 23
|
| 100 |
1 |
|
|a Alexander, Ellie,
|e author.
|0 http://id.loc.gov/authorities/names/no2015002193
|
| 245 |
1 |
0 |
|a Without a brew /
|c Ellie Alexander.
|
| 250 |
|
|
|a First edition.
|
| 264 |
|
1 |
|a New York :
|b Minotaur Books,
|c 2020.
|
| 300 |
|
|
|a 295 pages ;
|c 22 cm.
|
| 336 |
|
|
|a text
|b txt
|2 rdacontent
|
| 337 |
|
|
|a unmediated
|b n
|2 rdamedia
|
| 338 |
|
|
|a volume
|b nc
|2 rdacarrier
|
| 490 |
1 |
|
|a The Sloan Krause mysteries ;
|v [4]
|
| 520 |
|
|
|a "It's winter in the Bavarian village of Leavenworth, Washington, which for Sloan Krause means lots of layers, pine and citrus-flavored craft beers, and getting the new guest rooms at Nitro, the brewery where she works, into tip top shape before the next weekend's IceFest. Unfortunately, Sloan and her boss Garrett are learning that not every guest in the brewery is up for a hopping good time. While the couple staying with them, Brad and Ali, seem completely smitten, a quartet arrives in the evening demanding rooms and showing off flashy Seattle credentials. Sloan and Garrett are less than impressed, but agree to rent rooms to the quarrelsome quartet. The final guest, Liv, wasn't planning on an overnight stay in Leavenworth, but seems eager to take Sloan up on the offer of sanctuary from the snow--at least before she has a strange run in with local mechanic Taylor, to say nothing of the knowing looks and even physical altercations that take place between Liv and the other guests. Sloan could be imagining things, but when Liv's room is found trashed the next morning, a hateful message painted on her car, and Liv herself is no where to be found, Sloan is convinced another mystery is brewing. And with many of the potential suspects hunkering down under Nitro's roof, she knows her co-workers and friends won't be safe until serves up the killer a hoppy pint of justice."--
|c Provided by publisher.
|
| 600 |
1 |
0 |
|a Krause, Sloan
|c (Fictitious character)
|v Fiction.
|
| 650 |
|
0 |
|a Women detectives
|z Washington (State)
|v Fiction.
|
| 650 |
|
0 |
|a Murder
|x Investigation
|z Washington (State)
|v Fiction.
|
| 650 |
|
0 |
|a Breweries
|v Fiction.
|
| 651 |
|
0 |
|a Leavenworth (Wash.)
|v Fiction.
|
| 655 |
|
7 |
|a Detective and mystery fiction.
|2 lcgft
|0 http://id.loc.gov/authorities/genreForms/gf2014026280
|
| 655 |
|
7 |
|a Mystery fiction.
|2 gsafd
|
| 655 |
|
7 |
|a Cozy mysteries.
|2 lcgft
|0 http://id.loc.gov/authorities/genreForms/gf2019026071
|
| 800 |
1 |
|
|a Alexander, Ellie.
|t Sloan Krause mysteries ;
|v 4.
|0 http://id.loc.gov/authorities/names/no2018163804
|
| 852 |
8 |
|
|b pda,print
|z This title is available for the library to purchase for your use. Click the "Purchase It For Me" button to place a request. This item may take 5-10 business days to arrive.
|
| 955 |
|
|
|a Print PDA title
|
| 961 |
|
|
|m 565730
|
| 999 |
f |
f |
|s 3f8d5071-d892-45d2-9196-5a5f75f1e363
|i d3817efc-2047-3bec-9fcf-067f39e292fb
|t 0
|
| 952 |
f |
f |
|a Texas A&M University
|b College Station
|c Sterling C. Evans Library
|d Purchase on Demand
|t 0
|e PS3601.L353755 W58 2020
|h Library of Congress classification
|
| 998 |
f |
f |
|a PS3601.L353755 W58 2020
|t 0
|l Purchase on Demand
|